000 01525nam1a22002411i 4500
001 rc\3467628
005 20240724122712.0
010 _9745
035 _a(NLR Aleph) 007898601
090 _a8023692
_c8023692
100 _a20130115g1971 |||y0rusy50 ca
101 0 _arus
102 _aRU
105 _a z |||||
200 1 _aТезисы докладов
_e[В 7 вып.]
_eВып. 1-
_fГос. план. ком. Совета Министров УССР. Укр. науч.-исслед. ин-т науч.-техн. информации и техн.-экон. исследований. АН УССР. Укр. респ. совет НТО. Укр. респ. правл. НТО приборостроит. пром-сти. Респ. науч.-техн. конф. "Основные пути разраб. и внедрения автоматизир. систем управления в нар. хоз-ве УССР"
210 _aКиев
_cБ. и.
_d1971-
215 _d22
606 _aАвтоматизированные системы планирования и управления
_jТезисы докладов
_2psbo
710 1 2 _a"Основные пути разработки и внедрения автоматизированных систем управления в народном хозяйстве УССР", украинская респ. науч.-техн. конференция (1971; Львов)
801 0 _aRU
_bNLR
_gpsbo
801 1 _aRU
_bELAR
_2rusmarc
852 _aNLR
_j71-6/5340
942 _cBOOK